| 000 | 01086cam a22002533a 4500 | ||
|---|---|---|---|
| 001 | 31258 | ||
| 003 | PGUSA | ||
| 005 | 20140828083657.0 | ||
| 008 | 100212s2010||||xxu|||||s|||||000 | eng d | ||
| 040 |
_aPGUSA _beng |
||
| 042 | _adc | ||
| 050 | 4 | _aE456 | |
| 100 | 1 |
_aLockwood, John, _d1825-1901 |
|
| 245 | 1 | 0 |
_aOur campaign around Gettysburg : _bBeing a memorial of what was endured, suffered and accomplished by the Twenty-third regiment (N. Y. S. N. G.) and other regiments associated with them, in their Pennsylvania and Maryland campaign, during the second rebel invasion of the loyal states in June-July, 1863 _h[electronic resource] / _cJohn Lockwood |
| 260 |
_bProject Gutenberg, _c2010 |
||
| 506 | _aPublic domain in the USA. | ||
| 516 | _aElectronic text | ||
| 653 | _aUnited States. Army. New York Infantry Regiment, 23rd (1861-1863) | ||
| 653 | _aGettysburg Campaign, 1863 | ||
| 653 | _aUnited States -- History -- Civil War, 1861-1865 -- Regimental histories | ||
| 830 | 0 |
_aProject Gutenberg _v31258 |
|
| 856 | 4 | 0 | _uhttp://www.gutenberg.org/ebooks/31258 |
| 942 | _cEB | ||
| 999 |
_c260513 _d260513 |
||